| 000 | 00792nam a22002657a 4500 | ||
|---|---|---|---|
| 003 | CHAP | ||
| 005 | 20220329134936.0 | ||
| 008 | 971013s r 00010 d | ||
| 010 | _a28451 | ||
| 011 | _a29423 | ||
| 035 | _a33534 | ||
| 040 | _cCHAP | ||
| 090 | _aR-4 | ||
| 100 | 0 | 0 |
_aSharp, Aaron J. _9105517 |
| 245 | _aSome historical factors and the distribution of Southern Appalachian Bryophytes | ||
| 500 | _aSobretiro de: The Bryologist 44:16-18, 1941 | ||
| 501 | _aEnc. con otros impresos similares | ||
| 590 |
_aBATCH-UPD _b10 _c20130110 _lUCH01 _h0124 |
||
| 590 |
_aBATCH-UPD _b10 _c20130110 _lUCH01 _h1825 |
||
| 590 |
_aCONVERSION _b10 _c20130109 _lUCH01 _h1316 |
||
| 650 | 1 | 4 |
_aBriofitas. _915379 |
| 901 | _aBK | ||
| 942 | _cREIMP | ||
| 949 |
_aR-4 _bBC _cR _d-78075 _eTS1 _i33534 _si |
||
| 999 |
_c28451 _d28451 |
||